000 00636nam a2200229Ia 4500
003 OSt
005 20220928114838.0
006 a|||||r|||| 00| 0
007 ta
008 220927b |||||||| |||| 00| 0 eng d
024 _a74662
037 _cTextual
040 _aSDCL
_cSDCL
_beng
041 _2eng
_aeng
082 _aV211,933'N47<-M59, M6
100 _aArnold David
245 0 _aPolice power and colonial rule Madras 1859-1947
260 _aDelhi
_bOxford University Press
_c1986
300 _ax,277p
_ccm.
942 _hV211,933'N47<-M59, M6
_cTEXL
_2CC
999 _c756646
_d756646